00286nam a2200109Ia 4500008004100000020001500041050002100056245004100077260002600118300001500144650001700159151021s9999 xx 000 0 und d a9966788123 aHV4998.374 2008  a_Understanding &Treating Drug Abuse  aNairobi Queenex 2008  a108p,:ill  a_Drug Abuse